Statistics for Multiple Choice - Germany

Click here to take the quiz!

General Stats

  • This quiz has been taken 18 times
  • The average score is 5 of 7

Answer Stats

QuestionAnswer% Correct
Capital of GermanyBerlin
100%
Largest German stateBavaria
93%
National dishSauerbraten
93%
Amount of countries Germany borders9
87%
Amount of Federal States16
73%
National animalEagle
67%
Population of Germany83.2 million
33%

Score Distribution

Percentile by Number Answered

Percent of People with Each Score

Your Score History

You have not taken this quiz